| 000 | 01013cam a2200313 a 4500 | ||
|---|---|---|---|
| 001 | 13337116 | ||
| 003 | OSt | ||
| 005 | 20140310184344.0 | ||
| 008 | 030909s2004 nyu c 000 1 eng | ||
| 010 | _a 2003020055 | ||
| 020 | _a0439416604 (hardcover) | ||
| 020 | _a0439416612 (pbk.) | ||
| 040 |
_aDLC _cDLC _dDLC |
||
| 042 | _alcac | ||
| 050 | 0 | 0 |
_aPZ 7 _b.An54395Gam 2005 |
| 100 | 1 |
_aAnderson, M. T. _924690 |
|
| 245 | 1 | 4 |
_aThe game of sunken places / _cM.T. Anderson. |
| 260 |
_aNew York : _bScholastic Press, _c2005. |
||
| 300 |
_a260 p. ; _c22 cm. |
||
| 521 | _aG4 | ||
| 526 | _c670 | ||
| 650 | 1 |
_aGames _vFiction. _924691 |
|
| 651 | 1 |
_aVermont _vFiction. _924692 |
|
| 856 | 4 | 2 |
_3Publisher description _uhttp://www.loc.gov/catdir/description/schol051/2003020055.html |
| 906 |
_a7 _bcbc _corignew _d1 _eecip _f20 _gy-gencatlg |
||
| 942 |
_2lcc _cBK-SCHOLAS |
||
| 999 |
_c33853 _d33853 |
||